[Event "IIFL Wealth 4th Mumbai GM"]
[Site "Mumbai"]
[Date "2019.01.04"]
[Round "6"]
[White "Sundararajan, Kidambi"]
[Black "Praveen Kumar C"]
[Result "1-0"]
[WhiteElo "2458"]
[BlackElo "2233"]
[Annotator "ChessBase"]
[PlyCount "111"]
[EventDate "2018.12.30"]
[EventType "swiss"]
[EventCountry "IND"]
[SourceTitle "playchess.com"]
[Source "ChessBase"]
[SourceQuality "1"]
[TimeControl "40/5400+30:1800+30"]

1. e4 {[%emt 0:00:00]} e6 {[%emt 0:00:50]} 2. d4 {[%emt 0:00:00]} d5 {[%emt 0:00:07]} 3. exd5 {[%emt 0:00:16]} exd5 {[%emt 0:00:05]} 4. c4 {[%emt 0:00:45]} Nf6 {[%emt 0:02:01]} 5. Nc3 {[%emt 0:00:10]} Bb4 {[%emt 0:00:24]} 6. Bd3 {[%emt 0:00:28]} O-O {[%emt 0:00:39]} 7. Nge2 {[%emt 0:00:21]} dxc4 {[%emt 0:06:31]} 8. Bxc4 {[%emt 0:01:24]} Nbd7 {[%emt 0:00:17]} 9. O-O {[%emt 0:00:52]} Nb6 {[%emt 0:01:20]} 10. Bb3 {[%emt 0:01:15]} c6 {[%emt 0:00:23]} 11. Bg5 {[%emt 0:04:17]} Be7 {[%emt 0:00:40]} 12. Re1 {[%emt 0:02:03]} Bg4 {[%emt 0:17:24]} 13. Qd3 {[%emt 0:03:55]} Qd7 {[%emt 0:00:38]} 14. Ng3 {[%emt 0:06:01]} Rad8 {[%emt 0:09:20]} 15. Bc2 {[%emt 0:10:32]} g6 {[%emt 0:00:55]} 16. Rxe7 {[%emt 0:11:18]} Qxe7 {[%emt 0:00:07]} 17. Nge4 {[%emt 0:00:27]} Nbd7 {[%emt 0:05:10]} 18. Qg3 {[%emt 0:28:52]} Nxe4 {[%emt 0:09:07]} 19. Nxe4 {[%emt 0:00:10]} f6 {[%emt 0:00:47]} 20. Bf4 {[%emt 0:02:05]} Be6 {[%emt 0:06:45]} 21. Bd6 {[%emt 0:00:48]} Qf7 {[%emt 0:00:14]} 22. Bxf8 {[%emt 0:00:46]} Nxf8 {[%emt 0:01:00]} 23. Re1 {[%emt 0:06:36]} Bd5 {[%emt 0:09:03]} 24. h4 {[%emt 0:07:00]} Kg7 {[%emt 0:06:14]} 25. Nd6 {[%emt 0:01:25]} Qd7 {[%emt 0:03:17]} 26. Nf5+ {[%emt 0:02:09]} Kf7 {[%emt 0:00:13]} 27. Nh6+ {[%emt 0:01:40]} Kg7 {[%emt 0:00:02]} 28. Nf5+ {[%emt 0:00:11]} Kf7 {[%emt 0:00:18]} 29. Re7+ {[%emt 0:00:17]} Qxe7 {[%emt 0:00:02]} 30. Nxe7 {[%emt 0:00:08]} Kxe7 {[%emt 0:00:03]} 31. Qa3+ {[%emt 0:00:20]} Kf7 {[%emt 0:00:09]} 32. Qxa7 {[%emt 0:00:22]} Rd7 {[%emt 0:00:02]} 33. h5 {[%emt 0:01:40]} Ne6 {[%emt 0:01:31]} 34. f3 {[%emt 0:03:05]} Nf4 {[%emt 0:01:38]} 35. h6 {[%emt 0:00:35]} Re7 {[%emt 0:00:11]} 36. Be4 {[%emt 0:00:52]} f5 {[%emt 0:02:16]} 37. Bxd5+ {[%emt 0:00:20]} Nxd5 {[%emt 0:00:08]} 38. Qb8 {[%emt 0:00:25]} Kf6 {[%emt 0:00:12]} 39. Kf2 {[%emt 0:01:15]} f4 {[%emt 0:00:24]} 40. g3 {[%emt 0:00:00]} Kg5 {[%emt 0:00:00]} 41. gxf4+ {[%emt 0:08:24]} Nxf4 {[%emt 0:02:59]} 42. Qd8 {[%emt 0:02:04]} Nd5 {[%emt 0:00:06]} 43. a4 {[%emt 0:04:05]} Kxh6 {[%emt 0:00:59]} 44. b4 {[%emt 0:00:25]} Rf7 {[%emt 0:00:20]} 45. b5 {[%emt 0:01:07]} Nc3 {[%emt 0:00:29]} 46. bxc6 {[%emt 0:06:41]} bxc6 {[%emt 0:00:09]} 47. Qe8 {[%emt 0:00:29]} Rf4 {[%emt 0:00:24]} 48. Qxc6 {[%emt 0:04:40]} Rxd4 {[%emt 0:00:11]} 49. Qxc3 {[%emt 0:00:20]} Rxa4 {[%emt 0:00:07]} 50. Qd2+ {[%emt 0:01:46]} Kh5 {[%emt 0:00:39]} 51. Kg3 {[%emt 0:02:26]} g5 {[%emt 0:04:54]} 52. Qd7 {[%emt 0:02:04]} Ra6 {[%emt 0:00:06]} 53. Qxh7+ {[%emt 0:00:14]} Rh6 {[%emt 0:00:04]} 54. Qf7+ {[%emt 0:00:30]} Rg6 {[%emt 0:00:02]} 55. Qe8 {[%emt 0:01:10]} g4 {[%emt 0:00:22]} 56. f4 {[%emt 0:00:17]} 1-0

[Event "IIFL Wealth 4th Mumbai GM"]
[Site "Mumbai"]
[Date "2019.01.04"]
[Round "6"]
[White "Das, Sayantan"]
[Black "Senthil Maran K"]
[Result "1-0"]
[WhiteElo "2453"]
[BlackElo "2197"]
[Annotator "TA"]
[PlyCount "67"]
[EventDate "2018.12.30"]
[EventType "swiss"]
[EventCountry "IND"]
[SourceTitle "playchess.com"]
[Source "ChessBase"]
[SourceQuality "1"]

{[%evp 19,67,-5,-1,-5,0,-5,-6,-14,-18,-18,0,-18,2,-28,-18,-35,-38,-114,-64,-122,-112,-113,-126,-135,270,253,725,751,799,778,772,762,996,1010,1241,1228,1262,1255,1235,1217,1236,1190,1622,1227,29984,5522,5490,5314,5306,5302]} 1. e4 c5 2. Nf3 Nc6 3. Nc3 g6 4. Bb5 Bg7 5. O-O Nf6 6. d3 O-O 7. Be3 d6 8. Bxc6 bxc6 9. h3 Rb8 {B31: Sicilian: 2...Nc6 3 Bb5 g6} (9... Nh5 10. Rb1 e5 11. a3 a5 12. b4 cxb4 13. axb4 axb4 14. Rxb4 f5 15. exf5 gxf5 16. d4 Ba6 17. Re1 {½-½ (63) Riff,J (2500)-Edouard,R (2646) Vaujany 2012}) 10. Rb1 e5 {LiveBook: 3 Games} 11. a3 a5 {The position is equal.} 12. Nd2 Nh5 13. Ne2 f5 $146 ({Predecessor:} 13... Be6 14. b3 a4 15. bxa4 Rxb1 16. Qxb1 Qa8 17. Nc3 {½-½ (57) Rook,D (2274)-Rovchakov,V (2128) LSS email 2010}) 14. exf5 gxf5 {And now ...f4 would win.} 15. f4 Bh6 16. Nc4 Rb7 17. Kh2 Rg7 18. Qd2 (18. Bd2 $15) 18... Kh8 19. fxe5 {[#]} ({Better is} 19. g3 $15) 19... Rfg8 $1 $17 20. Rg1 ({Avoid the trap} 20. Bxh6 $2 Rxg2+ 21. Kh1 {[#]} Rxe2 $1 $19 {[%mdl 512]}) 20... f4 $1 21. Nxf4 Nxf4 $4 {[%mdl 8192]} (21... Bxf4+ $17 {and life is bright.} 22. Bxf4 Qh4) 22. Bxf4 $18 Qh4 $2 (22... Bxf4+ 23. Qxf4 dxe5 24. Qxe5 Re8) 23. Bxh6 Rg3 24. e6 $1 Bxe6 25. Qc3+ R8g7 26. Bxg7+ Kg8 27. Be5 dxe5 28. Qxe5 Rg6 29. Rbf1 {Qb8+ would kill now.} h6 30. Rf3 Kh7 31. Rg3 Bg4 32. Rxg4 (32. Rf1 $142 Qxg3+ 33. Qxg3 Be6 34. Qc7+ Rg7 35. Qxc6 Bd7 36. Qe4+ Kg8 37. Qd5+ Kh7 38. Rf8) 32... Rxg4 33. Qf5+ Rg6 34. Ne5 {Precision: White = 31%, Black = 48%.} 1-0

[Event "IIFL Wealth 4th Mumbai GM"]
[Site "Mumbai"]
[Date "2019.01.04"]
[Round "6"]
[White "Lugovskoy, Maxim"]
[Black "Harshavardhan G B"]
[Result "1-0"]
[WhiteElo "2445"]
[BlackElo "2163"]
[Annotator "TA"]
[PlyCount "183"]
[EventDate "2018.12.30"]
[EventType "swiss"]
[EventCountry "IND"]
[SourceTitle "playchess.com"]
[Source "ChessBase"]
[SourceQuality "1"]

{[%evp 9,182,-14,-14,-29,10,-4,-4,0,-4,-31,0,0,45,39,36,26,37,34,44,41,61,44,52,0,0,0,44,39,49,6,16,6,6,6,16,9,42,13,14,6,69,13,39,39,39,39,39,39,39,39,39,0,0,0,0,0,39,39,55,47,47,33,33,33,33,33,33,33,33,33,83,33,33,33,33,34,264,187,253,245,227,208,129,129,377,268,527,0,0,0,489,446,1072,1029,927,924,1462,1260,1520,1500,1508,1382,5501,5035,5709,5709,3652,5410,2722,2160,29975,29976,29975,29976,29976,29977,29980,29980,29981,29982,29981,29981,29984,29985,29985,29986,29987,29988,29986,29986,29988,29989,29989,29989,29991,29990,29990,29991,29991,29992,29992,29993,29994,29995,29996,29995,29995,29996,29996,29997,29997,29998,29998,29998,29998,29998,29998,29998,29998,29998,29998,29998,29998,29998,29998,29999,29999,29999,29999,29999,29999,29999,29999,29999,29999]} 1. b3 e5 2. Bb2 Nc6 3. e3 d6 4. Bb5 Qg5 5. Bxc6+ bxc6 6. Qf3 {A01: Nimzowitsch-Larsen Opening} d5 $146 (6... Bd7 {feels hotter.} 7. Qg3 h6 8. f3 Nf6 9. Ne2 O-O-O) ({Predecessor:} 6... Ne7 7. h3 Bd7 8. Na3 Ng6 9. g3 d5 10. Qe2 e4 11. O-O-O Bd6 12. d3 {1-0 (33) Avrukh,B (2641)-Sutovsky,E (2675) Netanya 2009}) 7. Qg3 Qxg3 8. hxg3 {The position is equal.} f6 9. d4 e4 (9... exd4 {seems wilder.} 10. Bxd4 Kf7 11. Ne2 a5 12. Nd2 a4) 10. Ba3 Bxa3 11. Nxa3 a5 12. c4 Be6 13. Kd2 Ne7 14. Ne2 Nc8 15. cxd5 cxd5 16. Rhc1 (16. Nf4 $14 Bf7 17. Rac1) 16... Kd7 $1 $11 17. Rc5 {[#] Strongly threatening Rac1.} Nb6 18. Rac1 Rhc8 19. Nc3 (19. Nf4 {is interesting.} Bf7 20. g4 c6 21. Ne2 Be6 22. f3) 19... c6 20. Na4 Nxa4 21. bxa4 Ra6 22. Rb1 Kc7 23. Nc2 Rca8 24. Na1 h6 (24... Rb6 $11 25. Rbb5 Kb7 26. Rxb6+ Kxb6) 25. Nb3 (25. Rbb5 $14) 25... Rb8 26. Rbc1 Rb4 27. R1c2 ({Don't play} 27. Nxa5 Bd7 $17) 27... Kd6 ({Don't blunder} 27... Rxa4 $2 28. R5c3 $18) 28. Rxa5 Rxa5 29. Nxa5 $14 {[%mdl 4096] Endgame KRB-KRN} Bd7 30. Kc3 Rxa4 31. Nb7+ Kc7 32. Nc5 Ra8 33. a4 Bc8 34. Rb2 f5 35. Kb4 (35. Rb3 {keeps more tension.} h5 36. Rb2 g6 37. Rb3 Ra7 38. Rb1) 35... Rb8+ 36. Ka3 Rxb2 37. Kxb2 {KB-KN} Kb6 38. Ka3 g5 39. Kb4 h5 40. a5+ Kc7 41. Kc3 Kb8 $1 42. Kd2 g4 $2 (42... Ka7 $14) 43. Kc2 Ka7 (43... Ka8 {is a better defense.} 44. Kb3 Ka7) 44. Kc3 Kb8 45. Kb3 Ka8 46. Kb4 Ka7 $2 {[#]} (46... Kb8 $16) 47. Na4 $1 $18 Ka6 $2 (47... Kb8 {keeps fighting.} 48. Nc3 Bd7) 48. Nb6 Be6 49. Na4 Bc8 $1 50. Nc3 Bb7 (50... Kb7 $142 51. Ne2 Kc7) 51. Ne2 Bc8 52. Nf4 Kb7 53. Nxh5 Kc7 54. Kc5 Kb7 55. Nf6 Kc7 56. Ne8+ Kd7 57. Nd6 Ba6 58. Nxf5 Kc7 59. Ne7 Bb7 60. Ng6 {White mates.} Ba6 61. Ne5 Bf1 62. Nxg4 Bxg2 63. Ne5 Kb7 64. g4 {[%cal Bg3g4,Bg4g5][%mdl 32]} Ka6 65. g5 Kxa5 66. g6 Bh3 67. Nxc6+ Ka4 68. Kxd5 Bf5 69. Ne7 Bxg6 70. Nxg6 Kb3 71. Kxe4 Kc3 72. f4 Kc4 73. f5 Kb5 74. f6 Kc6 75. f7 Kd7 76. f8=Q Kc6 77. Ne5+ Kc7 78. Kd5 Kb7 79. Kc5 Kc7 80. Qe7+ Kc8 81. Qd7+ Kb8 82. Kb5 Ka8 83. Nc4 Kb8 84. e4 {[%cal Be3e4,Be4e5,Be5e6,Be6e7,Be7e8,Be8c7][%mdl 32]} Ka8 85. e5 Kb8 86. e6 Ka8 87. e7 {[%cal Re7e8]} Kb8 88. Ka6 {[%cal Re7e8]} Ka8 89. e8=N {[%cal Rd7d8]} Kb8 90. Na5 {[%cal Rd7d8]} Ka8 91. Nc7+ Kb8 92. Nc6# {Accuracy: White = 65%, Black = 35%.} 1-0

[Event "IIFL Wealth 4th Mumbai GM"]
[Site "Mumbai"]
[Date "2019.01.04"]
[Round "6"]
[White "Nguyen, Van Huy"]
[Black "Saurabh Anand"]
[Result "1/2-1/2"]
[WhiteElo "2438"]
[BlackElo "2246"]
[Annotator "NA"]
[PlyCount "148"]
[EventDate "2018.12.30"]
[EventType "swiss"]
[EventCountry "IND"]
[SourceTitle "playchess.com"]
[Source "ChessBase"]
[SourceQuality "1"]
[TimeControl "40/5400+30:1800+30"]

1. Nf3 {[%emt 0:00:00]} d5 {[%emt 0:00:00]} 2. d4 {[%emt 0:00:14]} Nf6 {[%emt 0:00:17]} 3. c4 {[%emt 0:00:28]} e6 {[%emt 0:00:14]} 4. g3 {[%emt 0:00:17]} dxc4 {[%emt 0:00:37]} 5. Bg2 {[%emt 0:00:33]} a6 {[%emt 0:00:18]} 6. O-O {[%emt 0:06:05]} Nc6 {[%emt 0:00:22]} 7. Bg5 {[%emt 0:01:02]} Be7 {[%emt 0:00:38]} 8. e3 {[%emt 0:00:58]} O-O {[%emt 0:00:39]} 9. Qc1 {[%emt 0:08:32]} h6 {[%emt 0:17:08]} 10. Bxf6 {[%emt 0:01:35]} Bxf6 {[%emt 0:00:09]} 11. Rd1 {[%emt 0:11:19]} Na5 {[%emt 0:07:16]} 12. Nbd2 {[%emt 0:04:34]} b5 {[%emt 0:02:07]} 13. b3 {[%emt 0:03:39]} Bb7 {[%emt 0:07:30]} 14. bxc4 {[%emt 0:01:43]} c5 {[%emt 0:01:31]} 15. cxb5 {[%emt 0:13:44]} cxd4 {[%emt 0:01:36]} 16. bxa6 {[%emt 0:02:26]} Rxa6 {[%emt 0:01:13]} 17. Nxd4 {[%emt 0:04:05]} Bxg2 {[%emt 0:09:15]} 18. Kxg2 {[%emt 0:00:46]} Bxd4 {[%emt 0:00:56]} 19. exd4 {[%emt 0:00:19]} Qxd4 {[%emt 0:00:39]} 20. Nb3 {[%emt 0:02:43]} Nxb3 {[%emt 0:02:55]} 21. axb3 {[%emt 0:00:37]} Qe4+ {[%emt 0:01:06]} 22. Kg1 {[%emt 0:01:57]} Rxa1 {[%emt 0:02:20]} 23. Qxa1 {[%emt 0:00:27]} Rb8 {[%emt 0:02:08]} 24. Qc3 {[%emt 0:01:43]} Qb7 {[%emt 0:01:35]} 25. Rd3 {[%emt 0:02:48]} Qb6 {[%emt 0:00:58]} 26. h4 {[%emt 0:00:50]} Qb7 {[%emt 0:03:07]} 27. Qd2 {[%emt 0:01:36]} Qb6 {[%emt 0:04:05]} 28. Qf4 {[%emt 0:01:11]} Rb7 {[%emt 0:03:14]} 29. Rc3 {[%emt 0:03:56]} Rd7 {[%emt 0:04:07]} 30. Qf3 {[%emt 0:07:54]} Qb4 {[%emt 0:10:02]} 31. Rd3 {[%emt 0:03:16]} Rc7 {[%emt 0:03:44]} 32. Kg2 {[%emt 0:00:33]} Qb6 {[%emt 0:02:30]} 33. Rc3 {[%emt 0:02:13]} Rd7 {[%emt 0:00:40]} 34. Rc4 {[%emt 0:01:23]} Qa6 {[%emt 0:02:52]} 35. Qe4 {[%emt 0:03:11]} Rd5 {[%emt 0:02:45]} 36. b4 {[%emt 0:02:01]} f5 {[%emt 0:01:33]} 37. Qc2 {[%emt 0:00:37]} Qb7 {[%emt 0:00:42]} 38. Kh2 {[%emt 0:03:05]} Kh7 {[%emt 0:00:20]} 39. Rc5 {[%emt 0:02:19]} Rd4 {[%emt 0:01:42]} 40. Rc4 {[%emt 0:00:00]} Rd5 {[%emt 0:00:00]} 41. h5 {[%emt 0:08:19]} Qd7 {[%emt 0:09:00]} 42. Rc7 {[%emt 0:00:58]} Qd6 {[%emt 0:02:06]} 43. Qc3 {[%emt 0:01:52]} e5 {[%emt 0:02:37]} 44. Qc4 {[%emt 0:03:57]} Qd8 {[%emt 0:06:54]} 45. b5 {[%emt 0:04:51]} Rd2 {[%emt 0:03:00]} 46. Rc8 {[%emt 0:05:58]} Qd5 {[%emt 0:00:09]} 47. Qxd5 {[%emt 0:00:26]} Rxd5 {[%emt 0:00:02]} 48. b6 {[%emt 0:00:20]} Rb5 {[%emt 0:00:10]} 49. Rb8 {[%emt 0:01:47]} Rb2 {[%emt 0:00:53]} 50. Kg2 {[%emt 0:00:48]} g5 {[%emt 0:02:42]} 51. Rb7+ {[%emt 0:01:26]} Kg8 {[%emt 0:00:09]} 52. Kf3 {[%emt 0:00:15]} Rb3+ {[%emt 0:00:49]} 53. Ke2 {[%emt 0:00:05]} f4 {[%emt 0:00:18]} 54. gxf4 {[%emt 0:02:14]} exf4 {[%emt 0:00:05]} 55. f3 {[%emt 0:00:14]} Rb2+ {[%emt 0:04:09]} 56. Kd1 {[%emt 0:00:52]} Kf8 {[%emt 0:03:00]} 57. Kc1 {[%emt 0:00:19]} Rb5 {[%emt 0:00:56]} 58. Kc2 {[%emt 0:00:07]} Ke8 {[%emt 0:00:54]} 59. Kd3 {[%emt 0:01:31]} Kd8 {[%emt 0:01:18]} 60. Ke4 {[%emt 0:02:33]} Rb3 {[%emt 0:00:54]} 61. Rb8+ {[%emt 0:00:40]} Kd7 {[%emt 0:00:38]} 62. b7 {[%emt 0:00:05]} Kc7 {[%emt 0:00:29]} 63. Rh8 {[%emt 0:00:22]} Kxb7 {[%emt 0:00:09]} 64. Rxh6 {[%emt 0:00:18]} Re3+ {[%emt 0:00:29]} 65. Kf5 {[%emt 0:00:02]} Rxf3 {[%emt 0:00:09]} 66. Rf6 {[%emt 0:02:06]} Rf1 {[%emt 0:02:11]} 67. h6 {[%emt 0:01:57]} f3 {[%emt 0:00:21]} 68. h7 {[%emt 0:00:40]} Rh1 {[%emt 0:00:33]} 69. Rf7+ {[%emt 0:01:36]} Kc6 {[%emt 0:00:12]} 70. Kxg5 {[%emt 0:00:34]} f2 {[%emt 0:00:41]} 71. Kg6 {[%emt 0:00:21]} Rg1+ {[%emt 0:00:05]} 72. Kh6 {[%emt 0:00:03]} f1=Q {[%emt 0:00:26]} 73. Rxf1 {[%emt 0:00:08]} Rxf1 {[%emt 0:00:03]} 74. h8=Q {[%emt 0:00:05]} Rh1+ 1/2-1/2

[Event "IIFL Wealth 4th Mumbai GM"]
[Site "Mumbai"]
[Date "2019.01.04"]
[Round "6"]
[White "Laxman, R.R."]
[Black "Trisha Kanyamarala"]
[Result "1-0"]
[WhiteElo "2436"]
[BlackElo "1942"]
[Annotator "NA"]
[PlyCount "69"]
[EventDate "2018.12.30"]
[EventType "swiss"]
[EventCountry "IND"]
[SourceTitle "playchess.com"]
[Source "ChessBase"]
[SourceQuality "1"]
[TimeControl "40/5400+30:1800+30"]

1. d4 {[%emt 0:00:00]} d5 {[%emt 0:00:00]} 2. Nf3 {[%emt 0:00:00]} e6 {[%emt 0:00:14]} 3. c4 {[%emt 0:00:00]} Nf6 {[%emt 0:00:15]} 4. g3 {[%emt 0:00:00]} dxc4 {[%emt 0:00:22]} 5. Bg2 {[%emt 0:00:04]} Bd7 {[%emt 0:00:11]} 6. Ne5 {[%emt 0:00:30]} Bc6 {[%emt 0:00:26]} 7. Nxc6 {[%emt 0:00:05]} Nxc6 {[%emt 0:00:05]} 8. e3 {[%emt 0:00:12]} Qd7 {[%emt 0:00:39]} 9. O-O {[%emt 0:02:08]} O-O-O {[%emt 0:00:28]} 10. Nd2 {[%emt 0:00:05]} e5 {[%emt 0:01:51]} 11. Nxc4 {[%emt 0:00:51]} exd4 {[%emt 0:00:30]} 12. Qb3 {[%emt 0:00:31]} Bd6 {[%emt 0:15:32]} 13. exd4 {[%emt 0:01:15]} Rde8 {[%emt 0:23:09]} 14. Be3 {[%emt 0:01:42]} Kb8 {[%emt 0:05:46]} 15. Rac1 {[%emt 0:00:22]} Ne4 {[%emt 0:11:32]} 16. f3 {[%emt 0:11:03]} Nf6 {[%emt 0:01:48]} 17. f4 {[%emt 0:00:05]} Ne4 {[%emt 0:07:31]} 18. Ne5 {[%emt 0:00:34]} Bxe5 {[%emt 0:00:12]} 19. fxe5 {[%emt 0:05:14]} f5 {[%emt 0:00:34]} 20. e6 {[%emt 0:04:22]} Qd6 {[%emt 0:01:55]} 21. d5 {[%emt 0:00:35]} Ne7 {[%emt 0:07:30]} 22. Rfd1 {[%emt 0:02:32]} g5 {[%emt 0:01:36]} 23. Bxe4 {[%emt 0:00:09]} fxe4 {[%emt 0:00:06]} 24. Bc5 {[%emt 0:01:25]} Qa6 {[%emt 0:00:44]} 25. Rc4 {[%emt 0:03:41]} Nc8 {[%emt 0:02:34]} 26. Rxe4 {[%emt 0:00:22]} h5 {[%emt 0:02:43]} 27. Rde1 {[%emt 0:05:06]} b6 {[%emt 0:01:21]} 28. Bd4 {[%emt 0:01:33]} Rhf8 {[%emt 0:00:46]} 29. Be5 {[%emt 0:00:15]} Rf5 {[%emt 0:01:08]} 30. Ra4 {[%emt 0:01:38]} Qb7 {[%emt 0:00:07]} 31. Qd3 {[%emt 0:01:05]} Rff8 {[%emt 0:01:48]} 32. Rc4 {[%emt 0:00:18]} Re7 {[%emt 0:03:26]} 33. Rec1 {[%emt 0:00:15]} Rd8 {[%emt 0:02:47]} 34. Rxc7 {[%emt 0:00:23]} Rxc7 {[%emt 0:01:21]} 35. Bxc7+ {[%emt 0:00:07]} 1-0

[Event "IIFL Wealth 4th Mumbai GM"]
[Site "Mumbai"]
[Date "2019.01.04"]
[Round "6"]
[White "Czebe, Attila"]
[Black "Mehdi Hasan Parag"]
[Result "1-0"]
[WhiteElo "2417"]
[BlackElo "2218"]
[Annotator "TA"]
[PlyCount "129"]
[EventDate "2018.12.30"]
[EventType "swiss"]
[EventCountry "IND"]
[SourceTitle "playchess.com"]
[Source "ChessBase"]
[SourceQuality "1"]

{[%evp 25,129,-41,-37,-60,-63,-69,-60,-77,-77,-83,-93,-95,-41,-44,0,0,0,0,15,-20,4,5,59,57,60,43,46,31,38,39,30,4,15,-1,34,6,21,20,45,41,89,70,84,76,81,77,63,13,36,0,13,14,51,27,57,70,68,58,77,31,31,32,31,31,27,20,29,0,64,40,35,0,0,0,0,0,0,0,0,0,0,0,0,0,31,22,154,149,260,285,273,256,285,230,4132,3543,2522,2214,29980,29979,29991,29992,29992,29993,29998,29999]} 1. Nf3 Nf6 2. g3 d5 3. Bg2 e6 4. O-O Be7 5. d3 O-O 6. Nbd2 c5 7. e4 Nc6 8. Re1 Qc7 9. Qe2 b5 10. e5 Nd7 11. Nf1 Bb7 12. Bf4 {C00: French: Unusual White 2nd moves} Rfc8 13. h4 (13. Ne3 Qd8 14. h4 h6 15. c3 b4 16. c4 Nb6 17. Rad1 Rc7 18. Ng4 Qf8 19. Qe3 Nd4 20. Nxd4 cxd4 {0-1 (44) Svidler,P (2760)-Kramnik,V (2800) Moscow 2018}) 13... Qd8 {LiveBook: 4 Games} 14. h5 {Black is slightly better.} h6 $1 {[#]} 15. c3 $146 ({Predecessor:} 15. Qd2 b4 16. g4 c4 17. dxc4 dxc4 18. Rad1 Rc7 19. Qe3 b3 20. axb3 {1-0 (53) Turov,M (2573)-Vera Gonzalez Quevedo,R (2429) Santa Cruz de La Palma 2018}) 15... a5 {[%cal Ba7a5,Ba5a4,Ba4a3][%mdl 32]} 16. Rad1 a4 17. Ne3 a3 18. b3 Ra7 ({Black should play} 18... d4 $17 19. cxd4 cxd4) 19. Nc2 $15 Nf8 20. c4 bxc4 21. dxc4 d4 22. Bc1 Qb6 23. Nh2 Nb4 (23... Nd7 $11) 24. Nxb4 {Hoping for Bxb7.} Qxb4 25. Qg4 Kh8 26. Nf1 Bxg2 27. Kxg2 Qb7+ 28. Kh2 Bd8 29. Rd3 Nh7 30. Re2 Ba5 31. Kg1 Bc3 32. Bd2 Bb2 33. Nh2 Rb8 34. Nf3 Qe7 35. Qf4 Rab7 36. Bc1 Bc3 37. Nd2 Bxd2 38. Bxd2 Ra7 (38... f6 {keeps more tension.} 39. exf6 Nxf6 40. g4 Rf8 41. Qg3 Rb6) 39. Qe4 (39. g4 {seems wilder.} Raa8 40. Qh2 Re8 41. f4 Nf8 42. Rg3) 39... Qb7 40. Qxb7 Raxb7 41. Bc1 Ra8 42. Kf1 Nf8 43. f4 Nd7 44. g4 {[%cal Bg3g4,Bg4f5,Bf5f6][%mdl 32]} Nb8 45. f5 Nc6 46. Rf3 exf5 (46... Nb4 $11) 47. gxf5 $14 Re7 48. f6 Rxe5 49. fxg7+ Kg8 {White must now prevent ...Rxe2.} 50. Ref2 Ra7 51. Rf6 $36 {[%mdl 2048] Black is under pressure.} Rxh5 52. Rxc6 Rh1+ 53. Ke2 Rxc1 54. Rxc5 $11 {[%mdl 4096] Endgame KRR-KRR} Rd7 {Strongly threatening ...Rc2+.} 55. Kd3 Rd1+ {[#]} (55... Kxg7 $11 {remains equal.} 56. Rg2+ Kf6) 56. Rd2 $1 $16 Rxd2+ (56... Rg1 $16 {keeps fighting.}) 57. Kxd2 $18 Kxg7 $16 {[#] KR-KR} 58. b4 $1 {[%cal Rb4b5]} Kg6 59. b5 h5 $2 (59... Rb7 60. Rc6+ f6) 60. b6 $18 h4 61. Rb5 h3 62. b7 {White mates.} h2 63. b8=Q h1=Q 64. Qg8+ Kf6 65. Qg5+ {Accuracy: White = 61%, Black = 31%.} 1-0

[Event "IIFL Wealth 4th Mumbai GM"]
[Site "Mumbai"]
[Date "2019.01.04"]
[Round "6"]
[White "Muthaiah AL"]
[Black "Rathnakaran, K.."]
[Result "1-0"]
[WhiteElo "2408"]
[BlackElo "2366"]
[Annotator "NA"]
[PlyCount "69"]
[EventDate "2018.12.30"]
[EventType "swiss"]
[EventCountry "IND"]
[SourceTitle "playchess.com"]
[Source "ChessBase"]
[SourceQuality "1"]
[TimeControl "40/5400+30:1800+30"]

1. d4 {[%emt 0:00:04]} g6 {[%emt 0:00:00]} 2. c4 {[%emt 0:00:41]} Bg7 {[%emt 0:00:00]} 3. Nf3 {[%emt 0:00:10]} d6 {[%emt 0:00:00]} 4. Nc3 {[%emt 0:00:35]} Bg4 {[%emt 0:00:22]} 5. e3 {[%emt 0:05:41]} Nc6 {[%emt 0:00:07]} 6. Be2 {[%emt 0:07:15]} e5 {[%emt 0:01:38]} 7. d5 {[%emt 0:02:14]} Nce7 {[%emt 0:00:11]} 8. e4 {[%emt 0:01:10]} Nh6 {[%emt 0:03:05]} 9. Ng5 {[%emt 0:03:40]} Bd7 {[%emt 0:02:37]} 10. O-O {[%emt 0:01:05]} Qc8 {[%emt 0:00:49]} 11. f4 {[%emt 0:06:05]} exf4 {[%emt 0:00:06]} 12. Bxf4 {[%emt 0:00:31]} f6 {[%emt 0:00:04]} 13. Nf3 {[%emt 0:01:22]} g5 {[%emt 0:00:07]} 14. Be3 {[%emt 0:05:37]} O-O {[%emt 0:00:40]} 15. c5 {[%emt 0:04:29]} Ng4 {[%emt 0:01:09]} 16. Bd4 {[%emt 0:00:34]} Ng6 {[%emt 0:02:41]} 17. cxd6 {[%emt 0:26:03]} c5 {[%emt 0:01:09]} 18. dxc6 {[%emt 0:00:54]} bxc6 {[%emt 0:00:06]} 19. Rc1 {[%emt 0:05:08]} Qe8 {[%emt 0:12:35]} 20. Nxg5 {[%emt 0:04:46]} c5 {[%emt 0:03:14]} 21. Bxg4 {[%emt 0:06:15]} cxd4 {[%emt 0:08:55]} 22. Nd5 {[%emt 0:03:47]} Bxg4 {[%emt 0:02:58]} 23. Qxg4 {[%emt 0:00:08]} fxg5 {[%emt 0:00:03]} 24. d7 {[%emt 0:02:34]} Rxf1+ {[%emt 0:00:22]} 25. Kxf1 {[%emt 0:00:34]} Qf8+ {[%emt 0:08:38]} 26. Qf5 {[%emt 0:00:22]} Nh4 {[%emt 0:02:06]} 27. Qxf8+ {[%emt 0:00:58]} Rxf8+ {[%emt 0:00:08]} 28. Ke2 {[%emt 0:00:23]} d3+ {[%emt 0:00:10]} 29. Kxd3 {[%emt 0:00:23]} Ng6 {[%emt 0:00:09]} 30. Rc7 {[%emt 0:06:22]} a6 {[%emt 0:06:36]} 31. Kc4 {[%emt 0:02:17]} Ne5+ {[%emt 0:09:13]} 32. Kc5 {[%emt 0:01:01]} Nf7 {[%emt 0:01:28]} 33. Ne7+ {[%emt 0:02:12]} Kh8 {[%emt 0:00:07]} 34. Rc8 {[%emt 0:00:23]} Nd8 {[%emt 0:00:49]} 35. Nc6 {[%emt 0:00:39]} 1-0